000 00622nam a22001817a 4500
003 UA-OsUOA
001 14273
007 ta
008 20030729b un ||||| |||| 00| 0 ukr d
100 _aЯщук В.
942 _cSA
040 _aUA-OsUOA
_cUA-OsUOA
_dUA-OsUOA
245 _aПравнучка академіка [О.М.Марзаєва - видат. укр. вчен. в галузі сан. гігієни]- родом із Радивилова
300 _aС.2
955 _a0
773 0 _w0
_tПрапор перемоги
_dРадивилів
_d2003
_g№44/3 черв/
650 7 _aВидатні діячі
_2UDC
999 _c300434
_d300434